| 000 | 00360nam a2200133Ia 4500 | ||
|---|---|---|---|
| 005 | 20260326235449.0 | ||
| 008 | 260326s9999||||xx |||||||||||||| ||und|| | ||
| 100 | _aMarjanovic, Igor | ||
| 245 | 4 |
_aThe Portfolio : _b An Architecture student's handBook / _cIgor Marjanovic |
|
| 260 | _bElsevier | ||
| 300 | _a136 p. | ||
| 650 | _aARQUITECTURA-GENERAL | ||
| 942 | _cBK | ||
| 999 |
_c7674 _d7674 |
||